[Event "Budapest FS03 FM-A"]
[Site "Budapest"]
[Date "2006.03.09"]
[Round "6"]
[White "Meszaros, Attila"]
[Black "Tessedik, Karoly"]
[Result "0-1"]
[WhiteElo "2045"]
[BlackElo "2013"]
[PlyCount "82"]
[EventDate "2006.03.04"]
[EventType "tourn"]
[EventRounds "11"]
[EventCountry "HUN"]
[SourceTitle "CBM 111 Extra"]
[Source "ChessBase"]
[SourceDate "2006.05.09"]
[SourceVersion "1"]
[SourceVersionDate "2006.05.09"]
[SourceQuality "1"]

1. e4 c5 2. d3 d6 3. g3 g6 4. Bg2 Bg7 5. Nf3 Nc6 6. 0-0 Nf6 7. c3 a6 8. Qc2 Bg4 9. Nbd2 Rc8 10. Re1 0-0 11. Nf1 b5 12. Nh4 Qd7 13. Ne3 Bh3 14. Bh1 e6 15. f4 Qa7 16. Nd1 Ng4 17. Be3 b4 18. Nf2 Nxf2 19. Bxf2 Qb6 20. Nf3 h6 21. Nd2 Rfd8 22. Nc4 Qb5 23. e5 dxe5 24. fxe5 Bf8 25. Qe2 Na5 26. a4 bxa3 27. Rxa3 Nxc4 28. dxc4 Qb6 29. Rea1 Rb8 30. b4 Qc7 31. Rxa6 cxb4 32. Ra7 Qc8 33. Qf3 Bf5 34. g4 Rd3 35. Qe2 Qxc4 36. gxf5 bxc3 37. fxg6 c2 38. gxf7+ Kh8 39. Rc1 Rd1+ 40. Qxd1 cxd1Q+ 41. Rxd1 Qg4+ 0-1

[Event "Budapest FS03 FM-A"]
[Site "Budapest"]
[Date "2006.03.06"]
[Round "3"]
[White "Borda, Lajos"]
[Black "Meszaros, Attila"]
[Result "1-0"]
[WhiteElo "2221"]
[BlackElo "2045"]
[PlyCount "57"]
[EventDate "2006.03.04"]
[EventType "tourn"]
[EventRounds "11"]
[EventCountry "HUN"]
[SourceTitle "CBM 111 Extra"]
[Source "ChessBase"]
[SourceDate "2006.05.09"]
[SourceVersion "1"]
[SourceVersionDate "2006.05.09"]
[SourceQuality "1"]

1. d4 Nf6 2. c4 g6 3. Nc3 Bg7 4. e4 d6 5. Be2 0-0 6. h4 e5 7. d5 h6 8. Be3 Kh7 9. g4 Ne8 10. f3 f5 11. h5 f4 12. hxg6+ Kxg6 13. Bf2 Bf6 14. Qc2 a6 15. Nh3 Nd7 16. Nxf4+ exf4 17. e5+ Kg7 18. exf6+ Nexf6 19. 0-0-0 Ne5 20. Rdg1 Rh8 21. Bd4 Bd7 22. Bxe5 dxe5 23. g5 hxg5 24. Rxg5+ Kf7 25. Qg6+ Ke7 26. Rxe5+ Kd6 27. Reh5 Rxh5 28. Rxh5 Qf8 29. Ne4+ 1-0

[Event "Budapest FS04 Elo-B"]
[Site "Budapest"]
[Date "2005.04.12"]
[Round "11"]
[White "Meszaros, Attila"]
[Black "Dobos, Otto"]
[Result "1-0"]
[WhiteElo "2053"]
[BlackElo "1959"]
[PlyCount "73"]
[EventDate "2005.04.02"]
[EventType "tourn"]
[EventRounds "11"]
[EventCountry "HUN"]
[SourceTitle "CBM 105 Extra"]
[Source "ChessBase"]
[SourceDate "2005.05.01"]
[SourceVersion "1"]
[SourceVersionDate "2005.05.01"]
[SourceQuality "1"]

1. e4 d6 2. d4 Nf6 3. Nc3 g6 4. f4 c6 5. Nf3 Bg7 6. Bd3 0-0 7. 0-0 Na6 8. e5 Ne8 9. Be3 Nb4 10. Bc4 Bf5 11. Rf2 d5 12. Bf1 a5 13. a3 Na6 14. Nh4 e6 15. Nf3 Bg4 16. h3 Bxf3 17. Qxf3 f5 18. g4 Rf7 19. Qg3 Kh8 20. g5 b5 21. h4 Nb8 22. h5 gxh5 23. Be2 Bf8 24. Bxh5 Rg7 25. Rh2 Kg8 26. Qh3 c5 27. Nxb5 Qd7 28. Bxe8 Qxe8 29. a4 cxd4 30. Nxd4 Bc5 31. Nxf5 Bxe3+ 32. Nxe3 Qf7 33. Rf1 Nc6 34. Ng4 Qg6 35. Nf6+ Kh8 36. Qxe6 Nd4 37. Qxd5 1-0